| 000 | 00474nam a2200145Ia 4500 | ||
|---|---|---|---|
| 008 | 200110s9999 xx 000 0 und d | ||
| 020 | _a978-0-495-79796-8 | ||
| 100 | _aShimko, Ken | ||
| 245 |
_cKen Shimko.-- _aInternational relations : _bperspectives and controversies / |
||
| 250 | _a3rd ed. | ||
| 260 |
_a[Belmont, Calif.] : _bWadsworth / Cengage Learning _c2010 |
||
| 300 |
_axxi, 361 pages _c23 cm. |
||
| 500 | _aIncludes index. | ||
| 650 | _aInternational relations. | ||
| 999 |
_c362899 _d362899 |
||